History Quiz

Random History or Quote Quiz

Famous Quotes About 'N' & 'O' Quiz Stats

 Plays Quiz Updated May 20, 2015

Challenge
Share
Tweet
Embed
Score 0/28 Timer 08:00
6 Plays Today
% Correct
Ocean
97.4%
Onion
96.8%
Nothing
96.7%
Nose
96%
Neck
94.8%
Newspaper
93.6%
Nature
93%
Noise
92.2%
Others
91.6%
Night
91.3%
Naked
90.9%
Oak
89.7%
Numbers
89.6%
Neighbor
88.1%
% Correct
Nostalgia
85.6%
Ordinary
84.6%
Obstacles
84%
Oil
81.6%
Optimism
79.3%
Obedience
75.4%
Nerds
68.4%
Opium
66.8%
Nonsense
57.5%
Originality
56.9%
Orthodoxy
55.3%
Options
54.1%
Oxygen
44.7%
Nonchalance
36.5%

You're not logged in!

Compare scores with friends on all Sporcle quizzes.
Join for Free
OR
Log In

You Might Also Like...

Show Comments

Extras

Top Quizzes Today


Score Distribution

Your Account Isn't Verified!

In order to create a playlist on Sporcle, you need to verify the email address you used during registration. Go to your Sporcle Settings to finish the process.

Report this User

Report this user for behavior that violates our Community Guidelines.

Details: